| 000 | 00000nam##2200000za#4500 |
| 001 | 9.601299 |
| 003 | CaOODSP |
| 005 | 20210624210016 |
| 007 | cr ||||||||||| |
| 008 | 150406|2005||||xxc|||||o f|0| 0 fre|d |
| 022 | |a1919-5117 |
| 040 | |aCaOODSP|bfre |
| 043 | |an-cn--- |
| 086 | 1 |aFs70-6/2005-063F-PDF |
| 110 | 1 |aCanada. |bMinistère des pêches et des océans. |bRégion du golfe. |
| 245 | 10|aÉvaluation du potentiel de rétablissement de la raie tachetée du sud golfe du Saint-Laurent (division 4T et de l'OPANO) |h[ressource électronique] |
| 260 | |aDartmouth - Nouvelle-Écosse : |bPêches et Océans Canada. |cMars 2006. |
| 300 | |a15p.|bfigures (certaines en couleur), graphiques, ill., cartes, références |
| 490 | 1 |aSecrétariat canadien de consultation scientifique, avis scientifique |x1919-5117|v2005/063, Région du Golfe |
| 590 | |a11-14-Supp|b2011-08-12 |
| 775 | 08|tRecovery potential assessment for winter skate in the southern Gulf of St. Lawrence (NAFO division 4T) |w(CaOODSP)9.570652 |
| 830 | #0|aAvis scientifique (Secrétariat canadien de consultation scientifique)|x1919-5117|v2005/063, Région du Golfe|w(CaOODSP)9.502624 |
| 856 | 40|ahttp://publications.gc.ca|qPDF|s299 Ko|uhttps://publications.gc.ca/collections/collection_2011/mpo-dfo/Fs70-6-2005-063-fra.pdf|y2005/063, Région du Golfe |